000 01438nam a22002537a 4500
999 _c60049
_d60049
003 Ge_BSU
005 20230601145022.0
008 230601s2014 ge ||||| |||| 00| 0 geo d
020 _a9789941067310
041 _ageo
080 _a929(479.22) პ-18
100 _aპაპუნიძე, ვ. (ვანო)
_918393
245 _aგზა მარადისობისაკენ :
_bჩემი ძმა, ვახტანგი /
_cვანო პაპუნიძე; რედ.: ოთარ გაგუა, რამაზ სურმანიძე.
250 _a(მე-2 გადამუშავებული გამოცემა).
264 _c2014.
300 _a446 გვ. :
_bფოტ. ;
_c21 სმ.
500 _aმიძღვნილია ვახტანგ პაპუნიძის დაბადების 80 წლისთავისადმი.
501 _aფოტოარქივი: გვ. 419-441.
520 _aრეზ. ინგლ. და რუს.
653 _aპაპუნიძე, ვ., 1930-2010 (ვახტანგ) ცნობილ ქართველ ადამიანთა ბიოგრაფიები.
700 _aგაგუა, ო. (ოთარ)
_eრედაქტორი
_918394
700 _aსურმანიძე, რ. (რამაზ)
_eრედაქტორი
_918395
942 _2udc
_cBK